[Event "AUTO-ADV-4868"]
[Site "http://www.queenalice.com/game.php?id=1873472"]
[Date "2026.5.15"]
[Round "3"]
[White "miguel7"]
[Black "maurice916"]
[Result "0-1"]
[WhiteElo "1830"]
[BlackElo "1826"]

1. e4 c6 2. Nc3 d5 3. e5 e6 4. Nf3 c5 5. Bb5+ Bd7 6. d4 cxd4 7. Qxd4 Nc6 8. Bxc6
bxc6 9. Bg5 Be7 10. Bh4 c5 11. Qf4 Nh6 12. O-O Nf5 13. Bxe7 Nxe7 14. Ne2 O-O 15.
Ng5 Ng6 16. Qf3 Qxg5 17. Qg3 Qxg3 18. Nxg3 Nxe5 19. f4 Nc6 20. c3 Rab8 21. b3
Bc8 22. h3 Ne7 23. Rab1 Nf5 24. Nxf5 exf5 25. Rfd1 Be6 26. Kf2 Rb6 27. Rb2 a5
28. Ke3 Rc8 29. Rdb1 a4 30. b4 cxb4 31. cxb4 Kf8 32. a3 Ke7 33. Kd4 Rc4+ 34. Ke3
Rc3+ 35. Kd4 Rxa3 36. Kc5 Rb8 37. b5 Kd7 38. b6 Rc3+ 39. Kd4 Rc4+ 40. Ke3 Kd6
41. b7 Kc7 42. g3 Bd7 43. Rb5 Bxb5 0-1

[Event "AUTO-ADV-4868"]
[Site "http://www.queenalice.com/game.php?id=1873473"]
[Date "2026.5.15"]
[Round "3"]
[White "maurice916"]
[Black "miguel7"]
[Result "0-1"]
[WhiteElo "1829"]
[BlackElo "1798"]

1. Nf3 Nc6 2. d4 e5 3. dxe5 Qe7 4. Bg5 Qb4+ 5. Nbd2 Qxb2 6. Bf4 Qb4 7. e3 d6 8.
exd6 Bxd6 9. a3 Qc3 10. Bxd6 cxd6 11. Bd3 Bg4 12. O-O a6 13. Be2 Nf6 14. Qc1 O-O
15. Rb1 Ne5 16. Re1 b5 17. Rb3 Qc7 18. Nf1 Rac8 19. Rb2 Ne4 20. Nxe5 Bxe2 21.
Rxe2 dxe5 22. Rd2 Nxd2 23. Qxd2 Rfd8 24. Qc1 Qd7 25. Rb1 h6 26. h3 e4 27. Qb2
Rc6 28. a4 bxa4 29. Ng3 Rdc8 30. Rc1 f5 31. Ne2 Qd2 32. Nd4 Rc3 33. Qb1 R3c4 34.
Rd1 Qa5 35. Qb7 R8c7 36. Qb8+ Rc8 37. Qd6 a3 38. Qe6+ Kh8 39. Nxf5 a2 40. Qf7
R4c7 41. Qe6 a1=Q 42. Rxa1 Qxa1+ 43. Kh2 Qf6 44. Qxf6 gxf6 45. Nd4 a5 46. Kg3
Rg7+ 47. Kh2 a4 48. g3 Rb7 49. Kg2 a3 50. Nb3 Rxc2 51. Na1 Rc1 0-1